000 01117nam a2200301 i 4500
003 EG-ScBUE
005 20241218091255.0
008 150611s1987 enkadk f b f001 0 eng d
020 _a0521349753
020 _a9780521349758
040 _aEG-ScBUE
_beng
_erda
_cEG-ScBUE
_dEG-ScBUE
082 0 4 _a523.112
_bSAS
_222
100 1 _aSaslaw, William C.,
_eauthor.
_938179
245 1 0 _aGravitational physics of stellar and galactic systems /
_cWilliam C. Saslaw, University of Cambridge, University of Virginia, National Radio Astronomy Observatory, USA.
264 _aCambridge ;
_aNew York :
_bCambridge University Press,
_c1987.
300 _axvii, 491 pages :
_bcharts, forms, tables ;
_c24 cm.
336 _2rdacontent
_atext
_btxt
337 _2rdamedia
_aunmediated
_bn
338 _2rdacarrier
_avolume
_bnc
490 0 _aCambridge monographs on mathematical physics
504 _aIncludes bibliographical references and index.
650 7 _aGravitation.
_924444
_2BUEsh
650 7 _aGalaxies.
_2BUEsh
_937592
651 _2BUEsh
653 _bENGGEN
_cJune2015
655 _vReading book
942 _2ddc
_cBB
999 _c19611
_d19583